Ceny komodít z pohľadu hodnoty peňazí

Analýza vývoja nominálnej hodnoty cien komodít počas uplynulých viac ako štyroch dekád v komparácii s vývojom reálnej hodnoty týchto komdít po očistení o infláciu.

Gespeichert in:
Bibliographische Detailangaben
1. Verfasser: Árendáš, Peter, 1986-
Weitere Verfasser: Chovancová, Božena
Format: Buchkapitel
Sprache:Slowakisch
Schlagworte:
Tags: Tag hinzufügen
Keine Tags, Fügen Sie das erste Tag hinzu!

MARC

LEADER 00000naa a2200000 4500
001 0173749
005 20240502072948.7
041 0 |a slo 
044 |a SK 
245 1 0 |a Ceny komodít z pohľadu hodnoty peňazí  |c Peter Árendáš, Božena Chovancová 
520 |a Analýza vývoja nominálnej hodnoty cien komodít počas uplynulých viac ako štyroch dekád v komparácii s vývojom reálnej hodnoty týchto komdít po očistení o infláciu. 
610 2 0 |a inflácia 
610 2 0 |a peniaze 
610 2 0 |a komodity 
610 2 0 |a sila kúpna peňazí 
610 2 0 |a dolár 
100 1 |a Árendáš, Peter, 1986- 
700 1 |a Chovancová, Božena